Statistics for Manchester United First Team 2021/2022

Click here to take the quiz!

General Stats

  • This quiz has been taken 347 times
    (150 since last reset)
  • The average score is 21 of 31

Answer Stats

PositionNationalityPlayer% Correct
GKSpainDavid De Gea
99%
CBEnglandHarry Maguire
91%
STPortugalCristiano Ronaldo
90%
LBEnglandLuke Shaw
89%
LWEnglandMarcus Rashford
89%
CBSwedenVictor Lindelof
89%
CAMPortugalBruno Fernandes
88%
CBIvory CoastEric Bailly
86%
RBEnglandAaron Wan-Bissaka
84%
CMBrazilFred
83%
CBFranceRaphael Varane
83%
CDMScotlandScott McTominay
83%
GKEnglandDean Henderson
82%
RBPortugalDiogo Dalot
82%
STUruguayEdinson Cavani
81%
CDMSerbiaNemanja Matic
81%
CMFrancePaul Pogba
81%
RWEnglandJadon Sancho
77%
LBBrazilAlex Telles
76%
CBEnglandPhil Jones
70%
CMSpainJuan Mata
69%
LWSwedenAnthony Elanga
68%
GKEnglandTom Heaton
62%
CAMEnglandJesse Lingard
61%
GKEnglandLee Grant
40%
CMTunisiaHannibal Mejbri
39%
CMIraqZidane Iqbal
33%
CMUruguayFacundo Pellistri
30%
CMWalesCharlie Savage
17%
RWEnglandShola Shoretire
9%
CBNetherlandsBjorn Hardley
2%

Score Distribution

Percentile by Number Answered

Percent of People with Each Score

Your Score History

You have not taken this quiz since the last reset